000 00690nam a2200205Ia 4500
003 GCL
008 140319s9999 xx 000 0 ara d
040 _aGCL /
_cGCL
082 0 4 _aق
_b962.0352
_bس ا
100 1 _aسمير محمد طه
245 1 0 _aاحمد عرابى ودوره فى الحياه السياسية المصرية /
_cسمير محمد طه
260 _a[S.N] :
_bالهيئة المصرية العامة للكتاب ،
_c1986
300 _a434 ص
490 _a
650 0 4 _aالعصر الحديث
650 0 4 _aمصر
650 0 4 _aتاريخ
650 0 4 _aمصر - تاريخ - العصر الحديث - الثورة العرابية
942 _2ddc
_cBK
999 _c57845
_d57845